000 00985nam a2200325Ia 4500
003 OSt
005 20220912144625.0
006 a|||||r|||| 00| 0
007 ta
008 220909b |||||||| |||| 00| 0 eng d
020 _a9780486780757 (pbk)
020 _aSL01562248
024 _a191118
037 _b472, 16/09/2014, New India Book Agency
037 _cTextbook
040 _aCSL
_beng
_cCSL
041 _aeng
082 _aCN2,4, L1 TC
100 _aLandsberg Peter T Ed.
245 0 _aProblems in thermodynamics & statistical physics
260 _aNew York
_bDover
_c1971
300 _aviii, 573p.
500 _aAuthor index 563-564p.; Subject index 565-573p.
650 _a Recurrence problems
650 _a Thermodynamics
650 _aStatistical physics
700 _aLandsberg Peter T Ed.
942 _hCN2,4, L1 TC
_cTB
_2CC
999 _c13915
_d13915